دیکھیں کیا کزرے ہہے قطرے پہ / (Record no. 189683)

MARC details
000 -LEADER
fixed length control field 00629nam a22001937a 4500
005 - DATE AND TIME OF LATEST TRANSACTION
control field 20220711113946.0
010 ## - LCCN (DPL NO)
LC control number UR-11639
020 ## - INTERNATIONAL STANDARD BOOK NUMBER
International Standard Book Number 9789392496448
Terms of availability 250.00
035 ## - SYSTEM CONTROL NUMBER
System control number U-10194
037 ## - SOURCE OF ACQUISITION
Source of stock number/acquisition DBAD/PUB
Stock number -
082 ## - DEWEY DECIMAL CLASSIFICATION NUMBER
Classification number ک
100 ## - MAIN ENTRY--PERSONAL NAME
Personal name جیلا نی بانو
245 ## - TITLE STATEMENT
Title دیکھیں کیا کزرے ہہے قطرے پہ /
Statement of responsibility, etc جیلا نی بانو
246 ## - VARYING FORM OF TITLE
Title proper/short title Dekhen Kya Guzre Hai Qatre Pe /
Remainder of title by Jeelani Bano
260 ## - PUBLICATION, DISTRIBUTION, ETC. (IMPRINT)
Place of publication, distribution, etc New Delhi
Name of publisher, distributor, etc Educational Publishing House
Date of publication, distribution, etc 2021 ء
270 ## - ADDRESS
Address H.o. D1/16, Ansari Road, Daryaganj
City New Delhi
Postal code 110002
300 ## - PHYSICAL DESCRIPTION
Extent 167 ص
Dimensions 22cm(Hb)
942 ## - ADDED ENTRY ELEMENTS (KOHA)
Source of classification or shelving scheme Dewey Decimal Classification
Item type Urdu Bks
Classification part ک
Call number suffix ج ی ل
Holdings
Withdrawn status Lost status Not for loan Collection code Home library Current library Date acquired Source of acquisition Cost, normal purchase price Full call number Barcode Copy number Cost, replacement price Koha item type
      Fiction Central Library Central Library 11/07/2022 DBAD/PUB 250.00 ک ج ی ل U-10194 1 250.00 Urdu Bks

© Delhi Public Library
Hit Counter
free hit counter